000 00370nam a2200145Ia 4500
008 240624s9999 xx 000 0 und d
041 _aeng
082 _a658.5 BED
100 _aBEDI KANISHKA
245 _aPRODUCTION AND OPERATIONS MANAGEMENT
250 _a(3rd ed.)
260 _c2013
_aNew Delhi
_bOxford
300 _axxii, : 680 : p. : cm. ; 26
365 _cRS
_b31
999 _c24937
_d24937